[Event "XI Open"]
[Site "Crema ITA"]
[Date "2009.09.06"]
[Round "5"]
[White "Petrone, Gianmario"]
[Black "Ornaghi, Giovanni"]
[Result "1-0"]
[WhiteElo "1752"]
[BlackElo "1568"]
[PlyCount "73"]
[EventDate "2009.09.04"]

1. e4 e6 2. d4 d5 3. Nc3 Nf6 4. e5 Nfd7 5. f4 c5 6. Be3 Nc6 7. Nf3 a6 8. a4 Be7
9. Ne2 O-O 10. c3 f6 11. Ng3 fxe5 12. fxe5 cxd4 13. cxd4 Bb4+ 14. Bd2 Qa5 15.
Bd3 Bxd2+ 16. Qxd2 Qxd2+ 17. Kxd2 Rxf3 18. gxf3 Nxd4 19. Ke3 Nb3 20. Ra3 Ndc5
21. Bc2 Na5 22. Kd4 Nd7 23. f4 Nc6+ 24. Ke3 Nc5 25. Rc1 b6 26. Ne2 Bb7 27. Nd4
Na5 28. Bd3 Rf8 29. Be2 Nc6 30. Nxc6 Bxc6 31. Bd1 d4+ 32. Kxd4 Rxf4+ 33. Ke3
Re4+ 34. Kf2 Rxe5 35. Re3 Rf5+ 36. Ke1 Rg5 37. b4 1-0

[Event "XI Open"]
[Site "Crema ITA"]
[Date "2009.09.06"]
[Round "5"]
[White "Pinna, Ferdinando"]
[Black "Barucco, Mattia"]
[Result "1-0"]
[WhiteElo "1818"]
[BlackElo "1994"]
[PlyCount "37"]
[EventDate "2009.09.04"]

1. e4 c6 2. d4 d5 3. Nc3 dxe4 4. Nxe4 Nd7 5. Nf3 Ngf6 6. Nxf6+ Nxf6 7. Bc4 e6
8. O-O c5 9. c3 Be7 10. Qe2 cxd4 11. Nxd4 O-O 12. Bf4 a6 13. Rad1 Qe8 14. Qf3
Qa4 15. Bb3 Qa5 16. Rfe1 Qh5 17. Qg3 Ng4 18. h3 Bh4 19. Qxg4 1-0

[Event "XI Open"]
[Site "Crema ITA"]
[Date "2009.09.06"]
[Round "5"]
[White "Quagliarella, Sabino Remo"]
[Black "Brioschi, Camillo"]
[Result "1-0"]
[WhiteElo "1917"]
[BlackElo "1826"]
[PlyCount "53"]
[EventDate "2009.09.04"]

1. d4 Nf6 2. Nf3 g6 3. Nc3 d5 4. Bf4 Bg7 5. Qd2 a6 6. Ne5 Nbd7 7. f3 e6 8. e4
c5 9. Nxd7 Qxd7 10. dxc5 d4 11. Nd1 Nh5 12. Bh6 e5 13. Bxg7 Nxg7 14. c3 Ne6 15.
cxd4 Qxd4 16. Qxd4 Nxd4 17. Rc1 Be6 18. Bc4 Rc8 19. Bd5 Rc7 20. Ne3 b5 21. b4
Ke7 22. Kd2 Nc6 23. Bxc6 Rxc6 24. Nd5+ Kd7 25. Ke3 f5 26. Rhd1 f4+ 27. Nxf4+
1-0

[Event "XI Open"]
[Site "Crema ITA"]
[Date "2009.09.06"]
[Round "5"]
[White "Raffaldi, Fabrizio"]
[Black "Borboni, Paolo"]
[Result "1-0"]
[WhiteElo "1760"]
[BlackElo "1750"]
[PlyCount "125"]
[EventDate "2009.09.04"]

1. e4 e5 2. f4 Bc5 3. Nf3 d6 4. c3 Nf6 5. d4 exd4 6. cxd4 Bb4+ 7. Bd2 Bxd2+ 8.
Nbxd2 O-O 9. Bd3 Re8 10. O-O Nc6 11. h3 Nh5 12. Ng5 g6 13. g4 Nxf4 14. Rxf4
Qxg5 15. Qf1 Nxd4 16. Qf2 Be6 17. h4 Qc5 18. b4 Qxb4 19. Rf1 Re7 20. h5 Qc5 21.
hxg6 hxg6 22. Kg2 Nc6 23. Qg3 Qe5 24. Nf3 Qg7 25. Ng5 Bxa2 26. Rh1 Kf8 27. Nh7+
Ke8 28. Nf6+ Kd8 29. Rh7 Qf8 30. Qh3 Re8 31. Nxe8 Qe7 32. Rh8 Qg5 33. Qh6 Qxh6
34. Rxh6 Ke7 35. Nf6 Ne5 36. Be2 g5 37. Rf1 Ng6 38. Nd5+ Bxd5 39. exd5 Rf8 40.
Bf3 a5 41. Be4 Ne5 42. Bf5 b5 43. Rc1 Nc4 44. Bd3 Ne3+ 45. Kf3 Nxd5 46. Bxb5
Rb8 47. Bc4 Nb4 48. Re1+ Kd7 49. Rh7 Nc2 50. Rxf7+ Kc6 51. Rc1 Na3 52. Ba2+ Kb6
53. Rfxc7 Rf8+ 54. Kg3 Rf4 55. R7c6+ Kb5 56. Rxd6 Re4 57. Rd5+ Kb4 58. Rxg5 Re2
59. Bf7 Re7 60. Rf5 Rd7 61. g5 Rd3+ 62. Rf3 Rd7 63. g6 1-0

[Event "XI Open"]
[Site "Crema ITA"]
[Date "2009.09.06"]
[Round "5"]
[White "Ranfagni, Stefano"]
[Black "Bonade', Massimo"]
[Result "0-1"]
[WhiteElo "2025"]
[BlackElo "2097"]
[PlyCount "76"]
[EventDate "2009.09.04"]

1. e4 c5 2. Nc3 d6 3. g3 g6 4. Bg2 Bg7 5. d3 Nc6 6. Be3 e6 7. Qd2 Nge7 8. Nge2
O-O 9. O-O Rb8 10. Bh6 b5 11. Bxg7 Kxg7 12. f4 b4 13. Nd1 d5 14. e5 h5 15. Ne3
Nd4 16. g4 hxg4 17. Nxg4 Nef5 18. Nf6 Rh8 19. Ng3 Nh4 20. Bh1 Ndf5 21. Nxf5+
Nxf5 22. Rab1 Qb6 23. Qf2 Rh4 24. Bg2 Qb5 25. h3 Bb7 26. Kh2 Rbh8 27. Rfe1 d4
28. Ne4 Bxe4 29. dxe4 Ne3 30. Rxe3 dxe3 31. Qxe3 Qc4 32. Qf2 Qd4 33. Qe2 Rxf4
34. Rf1 Qxe5 35. Rxf4 Qxf4+ 36. Kh1 Qc1+ 37. Kh2 Qxb2 38. e5 Rh5 0-1

[Event "XI Open"]
[Site "Crema ITA"]
[Date "2009.09.06"]
[Round "5"]
[White "Rotoni, Matteo"]
[Black "Cantoro, Daniele"]
[Result "1-0"]
[WhiteElo "2176"]
[BlackElo "1961"]
[PlyCount "75"]
[EventDate "2009.09.04"]

1. e4 e5 2. Nf3 Nf6 3. d3 Nc6 4. Nbd2 Bc5 5. Be2 h6 6. c3 d5 7. b4 Bd6 8. Bb2
O-O 9. Qc2 Ne7 10. O-O Ng6 11. g3 c6 12. Rfe1 Be6 13. a3 Nh7 14. d4 Ng5 15.
exd5 cxd5 16. dxe5 Nh3+ 17. Kg2 Nxe5 18. Nxe5 Bxe5 19. Nf3 Bf6 20. Rad1 Qb6 21.
Nd4 Bd7 22. Bf3 Rac8 23. Qb3 Ng5 24. Bxd5 Bg4 25. Rd3 Rce8 26. Rxe8 Rxe8 27.
Re3 Rxe3 28. fxe3 Qc7 29. c4 Qe7 30. Qd3 Qe5 31. Bxb7 g6 32. Bc3 h5 33. Bd5 Kg7
34. Nb5 Qe7 35. Bxf6+ Qxf6 36. Qd4 Bh3+ 37. Kg1 Qxd4 38. exd4 1-0

[Event "XI Open"]
[Site "Crema ITA"]
[Date "2009.09.06"]
[Round "5"]
[White "Salami, Marco"]
[Black "Acunzo, Domenico"]
[Result "1-0"]
[WhiteElo "2172"]
[BlackElo "1833"]
[PlyCount "83"]
[EventDate "2009.09.04"]

1. e4 e6 2. d3 d5 3. Nd2 c5 4. Ngf3 Nc6 5. g3 g6 6. Bg2 Bg7 7. O-O Nge7 8. Re1
b6 9. exd5 exd5 10. Nf1 a5 11. c3 O-O 12. Bf4 h6 13. h4 Ra7 14. Qd2 Kh7 15. Ne5
Nxe5 16. Bxe5 Be6 17. Bxg7 Kxg7 18. Nh2 Nf5 19. Ng4 h5 20. Ne5 Qc8 21. Qg5 Ne7
22. Qf4 f6 23. Nf3 Qd7 24. Re2 Rf7 25. Rae1 Bg4 26. Re3 Nc6 27. Nh2 Bh3 28.
Bxh3 Qxh3 29. Re6 Rae7 30. Rxe7 Nxe7 31. Qc7 Nc8 32. Qf4 Qd7 33. g4 Ne7 34.
gxh5 gxh5 35. Re3 Ng6 36. Rg3 Kh7 37. Qb8 Qc7 38. Qe8 Qd6 39. Qc8 Qe7 40. Qf5
Rg7 41. Qxh5+ Kg8 42. Rxg6 1-0

[Event "XI Open"]
[Site "Crema ITA"]
[Date "2009.09.06"]
[Round "5"]
[White "Scovazzi, Tullio"]
[Black "Adami, Alessandro"]
[Result "1/2-1/2"]
[WhiteElo "1651"]
[BlackElo "1473"]
[PlyCount "103"]
[EventDate "2009.09.04"]

1. e4 c5 2. d4 cxd4 3. c3 dxc3 4. Nxc3 e6 5. Nf3 d6 6. Bc4 Nf6 7. O-O Be7 8.
Qe2 O-O 9. Rd1 a6 10. e5 Ne8 11. exd6 Nxd6 12. Bf4 Qb6 13. Bb3 Nf5 14. Rac1 Nc6
15. Qe4 Qb4 16. Rd2 Qxe4 17. Nxe4 b5 18. Rxc6 Bb7 19. Ne5 Bxc6 20. Nxc6 Rac8
21. Nxe7+ Nxe7 22. Rd7 Nf5 23. Ng5 Nh6 24. Ne4 Nf5 25. g4 Nh6 26. Nd6 Rcd8 27.
Rxd8 Rxd8 28. h3 Kf8 29. Nb7 Rd3 30. Bxh6 gxh6 31. Kg2 Rd2 32. Nc5 a5 33. a4 b4
34. Nb7 Rxb2 35. Nxa5 Ke7 36. Kf3 Kd7 37. Ke3 Kc7 38. f4 Rh2 39. Kd4 Rxh3 40.
Kc5 Rh4 41. Kxb4 Rxg4 42. Nc4 Rxf4 43. a5 Kb7 44. Kc5 Ka6 45. Bd1 e5 46. Nxe5
Kxa5 47. Kd5 f5 48. Nd3 Re4 49. Bh5 Rh4 50. Be2 Rh2 51. Nf4 Kb6 52. Ke5 1/2-1/2

[Event "XI Open"]
[Site "Crema ITA"]
[Date "2009.09.06"]
[Round "5"]
[White "Sperli', Maurizio"]
[Black "Potenza, Gaetano"]
[Result "0-1"]
[WhiteElo "1562"]
[BlackElo "1713"]
[PlyCount "116"]
[EventDate "2009.09.04"]

1. e4 c5 2. Nf3 e6 3. d4 cxd4 4. Nxd4 a6 5. Nc3 b5 6. Be3 Qc7 7. a3 Bb7 8. Be2
Nf6 9. f3 Nc6 10. Qd2 Ne5 11. Bf4 Bd6 12. Ndxb5 axb5 13. Nxb5 Nxf3+ 14. gxf3
Bxf4 15. Nxc7+ Bxc7 16. O-O-O O-O 17. Kb1 d5 18. Bd3 dxe4 19. fxe4 Nxe4 20.
Bxe4 Bxe4 21. Rhg1 Rfb8 22. Qd4 Bg6 23. Qc3 Bd8 24. Rd7 Bf6 25. Qc6 Rxb2+ 26.
Kc1 Rxc2+ 27. Qxc2 Bxc2 28. Kxc2 Rxa3 29. Rb1 Ra8 30. Rbb7 Rf8 31. Rd3 g6 32.
Rf3 Kg7 33. Kd3 h5 34. Ke4 g5 35. Rb1 Ra8 36. Rb4 Ra5 37. h3 Kg6 38. Rf1 Rd5
39. Rb3 Rd4+ 40. Ke3 Rh4 41. Ke2 g4 42. hxg4 hxg4 43. Rg3 Rh2+ 44. Kd1 Kg5 45.
Rxg4+ Kxg4 46. Rxf6 Rh7 47. Ke2 Kg5 48. Rf2 f5 49. Kd3 e5 50. Rg2+ Kf6 51. Rg8
Rh3+ 52. Ke2 e4 53. Re8 Kg5 54. Re5 Kf4 55. Re8 Rh2+ 56. Kf1 Kf3 57. Kg1 Rd2
58. Re7 e3 0-1

[Event "XI Open"]
[Site "Crema ITA"]
[Date "2009.09.06"]
[Round "5"]
[White "Tagliaferri, Valerio"]
[Black "Rota, Simone"]
[Result "1/2-1/2"]
[WhiteElo "1860"]
[BlackElo "2025"]
[PlyCount "160"]
[EventDate "2009.09.04"]

1. e4 c5 2. Nf3 d6 3. Bb5+ Bd7 4. Bxd7+ Qxd7 5. c4 Nc6 6. d4 cxd4 7. Nxd4 Nf6
8. Nc3 e6 9. Be3 Be7 10. f3 a6 11. Qd2 Rc8 12. b3 Qc7 13. O-O O-O 14. Rac1 Rfd8
15. Qf2 Qb8 16. Nde2 Nd7 17. Rfd1 b5 18. cxb5 axb5 19. a4 b4 20. Nb5 Nc5 21.
Bxc5 dxc5 22. Qf1 Na5 23. Rb1 Qa8 24. e5 c4 25. bxc4 Nxc4 26. Ra1 Nxe5 27. Ned4
Nc6 28. Nxc6 Qxc6 29. Kh1 Rxd1 30. Qxd1 Rd8 31. Qb3 Ra8 32. Rd1 h6 33. h3 Qa6
34. Ra1 Bf6 35. Ra2 Qa5 36. g3 Rc8 37. Rc2 Bc3 38. Kg2 Rc5 39. Nxc3 Rxc3 40.
Rxc3 bxc3 41. Qb8+ Kh7 42. Qf4 Qf5 43. Qc1 Qd3 44. Kf2 Qd4+ 45. Qe3 Qxa4 46.
Qxc3 Qa2+ 47. Kf1 Qb1+ 48. Kg2 Qf5 49. Qd2 Qf6 50. Qc2+ g6 51. Qa2 Kg7 52. Qd2
e5 53. Qb2 g5 54. Qe2 Qf5 55. g4 Qe6 56. Qc2 Qg6 57. Qb2 f6 58. Qb7+ Qf7 59.
Qe4 Qa2+ 60. Kg3 Qb2 61. Qf5 Qd4 62. Kg2 Qd2+ 63. Kg1 Qe1+ 64. Kg2 Qe2+ 65. Kg1
Qd1+ 66. Kg2 Qd5 67. Qc2 Qf7 68. Qb2 h5 69. Qc2 Qg6 70. Qc7+ Kh6 71. Qc1 h4 72.
Qd2 e4 73. Qe3 exf3+ 74. Kxf3 Qf7 75. Qd3 Qb7+ 76. Kf2 Qb2+ 77. Kg1 Qc1+ 78.
Kg2 Qe1 79. Kh2 Qf2+ 80. Kh1 Qf4 1/2-1/2

[Event "XI Open"]
[Site "Crema ITA"]
[Date "2009.09.06"]
[Round "5"]
[White "Tedoldi, Guido"]
[Black "Calvi, Luca"]
[Result "1-0"]
[WhiteElo "1774"]
[BlackElo "1622"]
[PlyCount "69"]
[EventDate "2009.09.04"]

1. c4 Nf6 2. Nc3 c5 3. e4 Nc6 4. Nf3 d6 5. g3 g6 6. Bg2 Bg7 7. d3 O-O 8. O-O
Bg4 9. h3 Bd7 10. Re1 Rb8 11. Rb1 a6 12. Be3 b5 13. b3 Qc8 14. a3 Bxh3 15. Nd5
Nxd5 16. exd5 Bxg2 17. Kxg2 Ne5 18. Bf4 Nxf3 19. Qxf3 e5 20. dxe6 fxe6 21. Qe3
e5 22. Bg5 Rf7 23. Qe4 Qb7 24. Rbd1 Qd7 25. Rh1 Rbf8 26. Qd5 Kh8 27. Rdf1 Qb7
28. Qxb7 Rxb7 29. f4 bxc4 30. bxc4 exf4 31. Bxf4 Be5 32. Bxe5+ Kg8 33. Rxf8+
Kxf8 34. Bxd6+ Kg8 35. Bxc5 1-0

[Event "XI Open"]
[Site "Crema ITA"]
[Date "2009.09.06"]
[Round "5"]
[White "Vishanji, Adrian"]
[Black "Carbone, Lorenzo"]
[Result "1-0"]
[WhiteElo "1931"]
[BlackElo "1812"]
[PlyCount "73"]
[EventDate "2009.09.04"]

1. e4 c5 2. Nf3 d6 3. d4 cxd4 4. Nxd4 Nf6 5. Nc3 e6 6. Bc4 Be7 7. Be3 a6 8. g4
h6 9. Qe2 Nc6 10. f3 Qc7 11. O-O-O Na5 12. Bd3 Nc6 13. h4 Ne5 14. g5 Nxd3+ 15.
Rxd3 hxg5 16. Bxg5 Nh5 17. Qh2 g6 18. Nde2 b5 19. Bxe7 Kxe7 20. Rhd1 Rd8 21.
Nf4 Bb7 22. Nxh5 gxh5 23. Qf4 Qc5 24. Ne2 b4 25. Ng3 Rac8 26. R3d2 Rc6 27. Kb1
a5 28. Qh6 Qe5 29. f4 Qh8 30. Qg5+ f6 31. Qxa5 Rc4 32. Qb5 Rc7 33. Qxb4 Rcd7
34. f5 Qg8 35. fxe6 Qxe6 36. Nf5+ Kf7 37. Nxd6+ 1-0

[Event "XI Open"]
[Site "Crema ITA"]
[Date "2009.09.06"]
[Round "5"]
[White "Vuckovic, Dimitrije"]
[Black "Scarpellini, Felice"]
[Result "1-0"]
[WhiteElo "1513"]
[BlackElo "1823"]
[PlyCount "29"]
[EventDate "2009.09.04"]

1. Nf3 Nf6 2. c4 e6 3. g3 Be7 4. Bg2 O-O 5. O-O d5 6. b3 b6 7. d4 Bb7 8. Nc3 c5
9. Bb2 Nc6 10. e3 dxc4 11. bxc4 Na5 12. Qe2 Rc8 13. Rfd1 Qc7 14. Nb5 cxd4 15.
Nxc7 1-0

[Event "XI Open"]
[Site "Crema ITA"]
[Date "2009.09.06"]
[Round "6"]
[White "Acunzo, Domenico"]
[Black "Caramaschi, Vincenzo"]
[Result "0-1"]
[WhiteElo "1833"]
[BlackElo "1646"]
[PlyCount "52"]
[EventDate "2009.09.04"]

1. e4 e5 2. f4 exf4 3. Nf3 Be7 4. Bc4 Bh4+ 5. Kf1 d6 6. d4 Be6 7. Bd3 Bg4 8.
Nc3 Nc6 9. Bb5 a6 10. Bxc6+ bxc6 11. Qd3 Bxf3 12. Qxf3 Qd7 13. Bxf4 Ne7 14. g3
g5 15. gxh4 gxf4 16. Qxf4 Qh3+ 17. Ke2 Ng6 18. Qg3 Qe6 19. h5 Ne7 20. Kd2 O-O-O
21. Rae1 Rhg8 22. Qf3 Rg5 23. Rhg1 Rdg8 24. Rxg5 Rxg5 25. Re2 Qh6 26. Qxf7 Rf5+
0-1

[Event "XI Open"]
[Site "Crema ITA"]
[Date "2009.09.06"]
[Round "6"]
[White "Adami, Alessandro"]
[Black "Cervini, Ernesto"]
[Result "1/2-1/2"]
[WhiteElo "1473"]
[BlackElo "1822"]
[PlyCount "61"]
[EventDate "2009.09.04"]

1. e4 c6 2. d4 d5 3. exd5 cxd5 4. Nf3 Nf6 5. Be2 g6 6. O-O Bg7 7. Be3 O-O 8. b3
Nc6 9. c4 dxc4 10. bxc4 Ng4 11. Nc3 Nxe3 12. fxe3 e6 13. Rc1 Ne7 14. e4 f5 15.
e5 Bh6 16. Rc2 f4 17. d5 Nf5 18. dxe6 Qb6+ 19. Kh1 Bxe6 20. Qb1 Qxb1 21. Rxb1
b6 22. Nd5 Rac8 23. Bd3 Rf7 24. Rbc1 Ne3 25. Rc3 Bxd5 26. cxd5 Rxc3 27. Rxc3
Nxd5 28. Rc8+ Rf8 29. Rxf8+ Kxf8 30. Bc4 Ne3 31. Bb3 1/2-1/2

[Event "XI Open"]
[Site "Crema ITA"]
[Date "2009.09.06"]
[Round "6"]
[White "Annoni, Riccardo"]
[Black "Vishanji, Adrian"]
[Result "1-0"]
[WhiteElo "2087"]
[BlackElo "1931"]
[PlyCount "112"]
[EventDate "2009.09.04"]

1. e4 e5 2. Nf3 Nf6 3. Nxe5 d6 4. Nf3 Nxe4 5. Nc3 d5 6. Qe2 Be7 7. Nxe4 dxe4 8.
Qxe4 O-O 9. Bd3 f5 10. Bc4+ Kh8 11. Qd5 Bd6 12. O-O c6 13. Qd4 b5 14. Bb3 Bb7
15. d3 c5 16. Qh4 Bxf3 17. Qxd8 Rxd8 18. gxf3 Nc6 19. Bg5 Rf8 20. Rfe1 Nd4 21.
Kg2 Rae8 22. c3 Nxb3 23. axb3 f4 24. Rxe8 Rxe8 25. Rxa7 h6 26. Rd7 Re6 27. Bd8
Kh7 28. Bc7 Bxc7 29. Rxc7 Re5 30. Rb7 Re2 31. Rxb5 Rxb2 32. Rxc5 Rxb3 33. d4
Kg6 34. c4 Kf6 35. h4 Rd3 36. Rd5 Ke6 37. Re5+ Kf6 38. Re4 g5 39. hxg5+ hxg5
40. c5 Kf5 41. Re5+ Kf6 42. Rd5 Ke6 43. Rd6+ Ke7 44. d5 Rc3 45. Re6+ Kd7 46.
c6+ Kc7 47. Re7+ Kc8 48. d6 Rxc6 49. Rc7+ Rxc7 50. dxc7 Kxc7 51. Kh3 Kd6 52.
Kg4 Ke6 53. Kxg5 Ke5 54. Kg4 Ke6 55. Kxf4 Kf6 56. Kg4 Kg6 1-0

[Event "XI Open"]
[Site "Crema ITA"]
[Date "2009.09.06"]
[Round "6"]
[White "Barucco, Mattia"]
[Black "Guglielmetti, Oscar"]
[Result "1-0"]
[WhiteElo "1994"]
[BlackElo "1817"]
[PlyCount "79"]
[EventDate "2009.09.04"]

1. e4 e5 2. Nf3 Nc6 3. Bb5 Nge7 4. O-O d6 5. h3 Bd7 6. c3 Ng6 7. d4 a6 8. Ba4
b5 9. Bb3 Be7 10. Re1 O-O 11. Nbd2 Qc8 12. Nf1 Kh8 13. Ng3 Na5 14. Bc2 Nc6 15.
Nf5 Qd8 16. g3 Bf6 17. h4 Nce7 18. Ng5 Bxg5 19. hxg5 Rg8 20. Kg2 Nxf5 21. exf5
Nf8 22. dxe5 Bc6+ 23. Be4 Bxe4+ 24. Rxe4 dxe5 25. Qxd8 Rxd8 26. Rxe5 g6 27. f6
Ne6 28. Bf4 c5 29. Be3 c4 30. a4 Rb8 31. axb5 Rxb5 32. Rxb5 axb5 33. Ra7 b4 34.
Rxf7 bxc3 35. bxc3 Rc8 36. Re7 Nc7 37. Bd4 Kg8 38. Rg7+ Kf8 39. Bc5+ Ke8 40.
f7+ 1-0

[Event "XI Open"]
[Site "Crema ITA"]
[Date "2009.09.06"]
[Round "6"]
[White "Biava, Pierluigi"]
[Black "Adami, Antonio"]
[Result "1-0"]
[WhiteElo "1784"]
[BlackElo "1617"]
[PlyCount "77"]
[EventDate "2009.09.04"]

1. d4 f5 2. Bg5 h6 3. Bh4 d5 4. e3 Qd6 5. c3 Nc6 6. Bg3 Qd7 7. Qh5+ Kd8 8. Bb5
Nf6 9. Qf7 e6 10. Qxd7+ Bxd7 11. Bxc6 Bxc6 12. Ne2 g5 13. Be5 Bg7 14. h4 Kd7
15. Nd2 b6 16. O-O-O a5 17. f3 Bb5 18. Ng1 g4 19. b3 Ne8 20. c4 Ba6 21. cxd5
Bxe5 22. dxe5 exd5 23. e4 fxe4 24. Nxe4 Ke6 25. Nf6 Nxf6 26. exf6 gxf3 27. Nxf3
Rad8 28. Nd4+ Kxf6 29. Rh3 Rd7 30. Re1 Bd3 31. Rxd3 c5 32. Rf3+ Kg6 33. Re6+
Kh5 34. Nf5 b5 35. Ne7 Rh7 36. Re5+ Kxh4 37. Nxd5 Rhg7 38. Nf6 Rd4 39. Rh3# 1-0

[Event "XI Open"]
[Site "Crema ITA"]
[Date "2009.09.06"]
[Round "6"]
[White "Bonade', Massimo"]
[Black "Bozzali, Ermanno"]
[Result "0-1"]
[WhiteElo "2097"]
[BlackElo "2090"]
[PlyCount "61"]
[EventDate "2009.09.04"]

1. d4 e6 2. c4 f5 3. g3 Nf6 4. Bg2 c6 5. Nf3 d5 6. O-O Bd6 7. b3 Qe7 8. Bb2 O-O
9. Nbd2 Bd7 10. Ne5 Be8 11. Qc2 Ne4 12. f3 Nxd2 13. Qxd2 Nd7 14. e4 Nxe5 15.
dxe5 Bc5+ 16. Kh1 fxe4 17. fxe4 dxc4 18. Rxf8+ Qxf8 19. Rf1 Qe7 20. bxc4 Rd8
21. Qe2 Qg5 22. Bc3 Bh5 23. Qb2 b6 24. Qc2 Bg4 25. h4 Qe3 26. Be1 Rf8 27. Rxf8+
Kxf8 28. Bf2 Qxf2 29. Qc1 Be3 30. Qb1 h5 31. Kh2 0-1

[Event "XI Open"]
[Site "Crema ITA"]
[Date "2009.09.06"]
[Round "6"]
[White "Bonazzi, Edoardo"]
[Black "Colombo, Luca"]
[Result "1-0"]
[WhiteElo "2191"]
[BlackElo "1850"]
[PlyCount "91"]
[EventDate "2009.09.04"]

1. Nf3 c5 2. c4 Nc6 3. Nc3 d6 4. g3 g6 5. Bg2 Bg7 6. O-O Nf6 7. d4 cxd4 8. Nxd4
Bd7 9. b3 O-O 10. Bb2 Qb6 11. Nc2 Ne5 12. Ne3 Bc6 13. Bh3 Ned7 14. Ned5 Qd8 15.
Qd2 Nc5 16. Nxf6+ Bxf6 17. Rfd1 Ne4 18. Nxe4 Bxb2 19. Qxb2 Bxe4 20. c5 Qa5 21.
cxd6 e6 22. Rac1 Bc6 23. Bg2 Bxg2 24. Kxg2 Rfc8 25. Rxc8+ Rxc8 26. d7 Rd8 27.
Qf6 Kf8 28. Qh8+ Ke7 29. Qxh7 Qc7 30. Qh4+ Kf8 31. Qb4+ Kg7 32. Qd4+ Kg8 33. h4
Qc6+ 34. e4 b6 35. a4 Qc2 36. Rd3 Qc7 37. b4 Qc2 38. b5 Qc7 39. Qd6 Qc2 40. Rd4
Qc5 41. e5 Qc2 42. Qe7 Qc7 43. Kh2 Kg7 44. Rf4 Rf8 45. d8=Q Qxd8 46. Rxf7+ 1-0

[Event "XI Open"]
[Site "Crema ITA"]
[Date "2009.09.06"]
[Round "6"]
[White "Bongiorni, Gabriele"]
[Black "Pagano, Davide"]
[Result "1-0"]
[WhiteElo "1792"]
[BlackElo "1563"]
[PlyCount "96"]
[EventDate "2009.09.04"]

1. d4 Nf6 2. Nf3 g6 3. c4 Bg7 4. Nc3 O-O 5. e4 d6 6. Be2 e5 7. dxe5 dxe5 8.
Qxd8 Rxd8 9. Bg5 Re8 10. O-O-O h6 11. Bxf6 Bxf6 12. Nd5 Bd8 13. h4 c6 14. Ne3
Bf6 15. g4 Bg7 16. Rd2 Na6 17. Rhd1 Be6 18. h5 Nc5 19. Bd3 Nxd3+ 20. Rxd3 g5
21. b3 a5 22. c5 a4 23. Nf5 Bxf5 24. gxf5 axb3 25. axb3 Ra2 26. R3d2 Rea8 27.
Rd8+ Rxd8 28. Rxd8+ Kh7 29. Nd2 Ra5 30. b4 Rb5 31. Rd7 f6 32. Nc4 Rxb4 33. Nd6
Rd4 34. Rxb7 Kg8 35. Ne8 Bh8 36. Rb8 Kh7 37. Nd6 Ra4 38. Rb6 Ra1+ 39. Kd2 Ra2+
40. Ke3 Ra3+ 41. Ke2 Rh3 42. Rxc6 Rxh5 43. Ne8 Rh3 44. Nxf6+ Bxf6 45. Rxf6 Rc3
46. c6 h5 47. Rf7+ Kh6 48. c7 h4 1-0

[Event "XI Open"]
[Site "Crema ITA"]
[Date "2009.09.06"]
[Round "6"]
[White "Brioschi, Camillo"]
[Black "Cappa, Enrico"]
[Result "1-0"]
[WhiteElo "1826"]
[BlackElo "1529"]
[PlyCount "41"]
[EventDate "2009.09.04"]

1. d4 Nf6 2. c4 e6 3. Nc3 b6 4. e4 Bb7 5. Bd3 d5 6. cxd5 exd5 7. e5 Nfd7 8. Qg4
c6 9. f4 Qe7 10. Nf3 Na6 11. O-O O-O-O 12. f5 Nb4 13. Bb1 c5 14. a3 cxd4 15.
axb4 dxc3 16. bxc3 Kb8 17. Qf4 Ka8 18. Be3 Rc8 19. Bd4 a6 20. Bd3 Ka7 21. Ra2
1-0

[Event "XI Open"]
[Site "Crema ITA"]
[Date "2009.09.06"]
[Round "6"]
[White "Calvi, Luca"]
[Black "Borboni, Paolo"]
[Result "0-1"]
[WhiteElo "1622"]
[BlackElo "1750"]
[PlyCount "60"]
[EventDate "2009.09.04"]

1. d4 d5 2. c4 e6 3. Nc3 Nf6 4. cxd5 Nxd5 5. e4 Nxc3 6. bxc3 c5 7. Nf3 Qc7 8.
Bb5+ Bd7 9. Bxd7+ Nxd7 10. O-O Be7 11. Be3 O-O 12. Rc1 c4 13. Qc2 b5 14. Nd2
Nf6 15. e5 Nd5 16. Rce1 Rfc8 17. f4 Qa5 18. Ne4 b4 19. Bd2 bxc3 20. Bxc3 Nxc3
21. Nxc3 Bb4 22. Re3 Bxc3 23. Rxc3 Qa6 24. Rc1 g6 25. a4 Qa5 26. Rxc4 Rxc4 27.
Qxc4 Qd2 28. g3 Rd8 29. Rb1 Qe3+ 30. Kg2 Qe4+ 0-1

[Event "XI Open"]
[Site "Crema ITA"]
[Date "2009.09.06"]
[Round "6"]
[White "Cantoro, Daniele"]
[Black "Ranfagni, Stefano"]
[Result "1/2-1/2"]
[WhiteElo "1961"]
[BlackElo "2025"]
[PlyCount "62"]
[EventDate "2009.09.04"]

1. e4 e6 2. d4 d5 3. Nc3 dxe4 4. Nxe4 Nd7 5. Nf3 Ngf6 6. Nxf6+ Nxf6 7. Bg5 Be7
8. Qd2 Ne4 9. Bxe7 Nxd2 10. Bxd8 Nxf3+ 11. gxf3 Kxd8 12. f4 Bd7 13. Bg2 Bc6 14.
Bxc6 bxc6 15. O-O-O Ke7 16. Rhe1 Kf6 17. Re5 Rhd8 18. c4 a5 19. Kc2 a4 20. Kc3
g6 21. h4 h5 22. Rg1 Ra6 23. f3 Ke7 24. Rc5 Re8 25. Re1 Kd6 26. Re2 Rb6 27. Rg2
Re7 28. Re5 Re8 29. Rc5 Ra6 30. Rgg5 Rb6 31. Rg2 Ra6 1/2-1/2

[Event "XI Open"]
[Site "Crema ITA"]
[Date "2009.09.06"]
[Round "6"]
[White "Carbone, Lorenzo"]
[Black "Arena, Piermario"]
[Result "0-1"]
[WhiteElo "1812"]
[BlackElo "1900"]
[PlyCount "50"]
[EventDate "2009.09.04"]

1. e4 d5 2. exd5 Qxd5 3. Nc3 Qa5 4. d4 Nf6 5. Bd3 Bg4 6. Nf3 c6 7. Bd2 Qc7 8.
O-O e6 9. h3 Bh5 10. Be2 Nbd7 11. Re1 Be7 12. Ng5 Bg6 13. Bc4 Nd5 14. Nxe6 fxe6
15. Rxe6 Nxc3 16. bxc3 Bf7 17. Rxe7+ Kxe7 18. Bg5+ Nf6 19. Qe2+ Kf8 20. Bd3 Qa5
21. Qd2 Re8 22. Bf4 Nd5 23. Be5 Qxc3 24. Qd1 Rxe5 25. dxe5 Qxe5 0-1

[Event "XI Open"]
[Site "Crema ITA"]
[Date "2009.09.06"]
[Round "6"]
[White "Carletti, Davide"]
[Black "Marchesotti, Giovanni"]
[Result "0-1"]
[WhiteElo "1497"]
[BlackElo "1643"]
[PlyCount "110"]
[EventDate "2009.09.04"]

1. e4 c5 2. Nf3 e6 3. d4 cxd4 4. Nxd4 a6 5. Nc3 Qc7 6. Bd3 Bb4 7. Bd2 Nf6 8. f3
d6 9. a3 Bc5 10. Nb3 Ba7 11. Qe2 Nbd7 12. Be3 Bxe3 13. Qxe3 Ne5 14. O-O Bd7 15.
f4 Nfg4 16. Qe2 Qb6+ 17. Kh1 Nxd3 18. cxd3 Nxh2 19. Kxh2 Qxb3 20. f5 O-O-O 21.
fxe6 Bxe6 22. Rfc1 Kb8 23. Nd1 Rc8 24. Qe3 Qb5 25. Qd4 Qe5+ 26. Qxe5 dxe5 27.
Nc3 Rhd8 28. Rd1 Bb3 29. Rd2 Rd7 30. Nd1 Rc2 31. Rxc2 Bxc2 32. Nf2 Bxd3 33. Rd1
Bb5 34. Rxd7 Bxd7 35. g4 g5 36. Kg3 Kc7 37. Kf3 f6 38. Ke3 Be8 39. Kd3 h5 40.
Kc4 h4 41. b4 Kd6 42. Kb3 Bb5 43. a4 Bf1 44. Nd1 Bg2 45. Ne3 Bxe4 46. Nf1 Bd3
47. Nh2 e4 48. Kc3 Ke5 49. Kd2 Kf4 50. Ke1 Kg3 51. Nf1+ Bxf1 52. Kxf1 h3 53.
Kg1 e3 54. Kh1 e2 55. Kg1 e1=Q# 0-1

[Event "XI Open"]
[Site "Crema ITA"]
[Date "2009.09.06"]
[Round "6"]
[White "Casartelli, Fabio"]
[Black "Bocci, Alessandro"]
[Result "0-1"]
[WhiteElo "1908"]
[BlackElo "1936"]
[PlyCount "74"]
[EventDate "2009.09.04"]

1. e4 c5 2. Nf3 Nc6 3. d4 cxd4 4. Nxd4 Qc7 5. Nc3 e6 6. Be2 a6 7. O-O Nf6 8.
Be3 Bb4 9. Nxc6 bxc6 10. f3 O-O 11. Na4 d5 12. Nb6 Rb8 13. Nxc8 Qxc8 14. e5 Nd7
15. f4 Bc5 16. Bxc5 Nxc5 17. b3 a5 18. c4 Qc7 19. Qd4 Qb6 20. cxd5 cxd5 21.
Rac1 Rfc8 22. a3 Rc6 23. a4 Nxb3 24. Qxb6 Rbxb6 25. Rxc6 Rxc6 26. Rb1 Rc1+ 27.
Rxc1 Nxc1 28. Kf2 Kf8 29. Bf3 Nd3+ 30. Ke3 Nb2 31. f5 Nxa4 32. Kd4 Ke7 33. Bd1
Nb2 34. Bc2 h6 35. g4 a4 36. h4 a3 37. Bb3 Nd1 0-1

[Event "XI Open"]
[Site "Crema ITA"]
[Date "2009.09.06"]
[Round "6"]
[White "Castrogiovanni, Carlo"]
[Black "Tagliaferri, Valerio"]
[Result "1-0"]
[WhiteElo "2018"]
[BlackElo "1860"]
[PlyCount "99"]
[EventDate "2009.09.04"]

1. d4 d5 2. Bg5 h6 3. Bh4 Bf5 4. e3 Nd7 5. c4 c6 6. cxd5 cxd5 7. Nc3 Ngf6 8.
Bb5 a6 9. Bxf6 exf6 10. Bd3 Bxd3 11. Qxd3 Bb4 12. Nge2 b5 13. O-O Nb6 14. Rfc1
O-O 15. Ng3 Rc8 16. Nce2 Qd7 17. a3 Bd6 18. Qf5 Bxg3 19. Nxg3 Qe6 20. b3 g6 21.
Qd3 f5 22. Ne2 Rfd8 23. h3 Kg7 24. Rc5 Nd7 25. Nf4 Qe4 26. Rxd5 g5 27. Qxe4
fxe4 28. Nh5+ Kg6 29. Ng3 Nf6 30. Rxd8 Rxd8 31. Rc1 Rd6 32. Kf1 h5 33. Ke2 h4
34. Nf1 Nd5 35. Nd2 f5 36. Rc5 Kf6 37. f3 exf3+ 38. gxf3 Ke6 39. Kd3 Rb6 40. b4
Rd6 41. Rc1 Rb6 42. Nb3 Kf7 43. Rc5 Ke6 44. Rc8 Kf7 45. Rd8 Nf6 46. Nc5 Ng8 47.
Nd7 Rh6 48. Ne5+ Kg7 49. Rd7+ Kf8 50. Rf7+ 1-0